[Event "41 Abierto Ciudad de Sevilla 2016"]
[Site "Sevilla ESP"]
[Date "2016.01.15"]
[Round "8.2"]
[White "Fernandez Romero, Ernesto"]
[Black "Hoffman, Alejandro"]
[Result "1/2-1/2"]
[WhiteElo "2475"]
[BlackElo "2476"]
[PlyCount "98"]
[EventDate "2016.01.08"]
[EventType "swiss"]
[EventRounds "9"]
[EventCountry "ESP"]
[Source "lmi"]
[SourceDate "2016.01.08"]

1. e4 e6 2. d4 d5 3. Nc3 dxe4 4. Nxe4 Nd7 5. Nf3 Ngf6 6. Nxf6+ Nxf6 7. c3 Be7
8. Bd3 O-O 9. Bg5 b6 10. Qc2 h6 11. h4 Bb7 12. O-O-O Bxf3 13. gxf3 Qd5 14. Rdg1
Kh8 15. Be4 Nxe4 16. Bxe7 Nd6 17. Rxg7 Nf5 18. Bxf8 Nxg7 19. Bxg7+ Kxg7 20.
Rg1+ Kf6 21. Qe4 Rd8 22. Qf4+ Ke7 23. Rg7 Qf5 24. Qxf5 exf5 25. Rh7 Rg8 26. Kd2
Rg2 27. Ke2 Rg1 28. Rxh6 Rb1 29. b4 Rb2+ 30. Ke3 Rxa2 31. Rc6 Kd7 32. Rf6 Ke7
33. Rxf5 Rc2 34. Kd3 Rxf2 35. d5 a5 36. bxa5 bxa5 37. Rf4 a4 38. Rxa4 Rxf3+ 39.
Kc2 Kd6 40. Rd4 Rh3 41. Kb3 Kc5 42. Kb2 Rh2+ 43. Ka3 Rh1 44. Kb3 Rh3 45. Rf4
Kxd5 46. Rxf7 Rxh4 47. Rxc7 Kd6 48. Rc8 Kd7 49. Rc5 Kd6 1/2-1/2

[Event "41 Abierto Ciudad de Sevilla 2016"]
[Site "Sevilla ESP"]
[Date "2016.01.15"]
[Round "8.3"]
[White "Teran Alvarez, Ismael"]
[Black "Satyapragyan, Swayangsu"]
[Result "1-0"]
[WhiteElo "2416"]
[BlackElo "2410"]
[PlyCount "112"]
[EventDate "2016.01.08"]
[EventType "swiss"]
[EventRounds "9"]
[EventCountry "ESP"]
[Source "lmi"]
[SourceDate "2016.01.08"]

1. c4 c5 2. g3 Nc6 3. Bg2 g6 4. e3 Bg7 5. Ne2 d6 6. Nbc3 Nf6 7. d4 Bd7 8. b3
O-O 9. Bb2 a6 10. O-O Rb8 11. dxc5 dxc5 12. Na4 b6 13. Nf4 Qc8 14. Bxf6 Bxf6
15. Nd5 Bxa1 16. Naxb6 Bg4 17. Nxc8 Bxd1 18. Ndxe7+ Nxe7 19. Nxe7+ Kg7 20. Rxd1
Bf6 21. Nc6 Rb6 22. Rd7 a5 23. Ra7 a4 24. Rxa4 Rc8 25. Na7 Rd8 26. Bd5 Bc3 27.
e4 f5 28. Nc6 Rd7 29. exf5 gxf5 30. Ra8 Kh6 31. Kg2 Rc7 32. Nd8 Re7 33. Kf3 Bf6
34. h4 f4 35. Nf7+ Kg7 36. Ng5 fxg3 37. fxg3 Bd4 38. Rg8+ Kh6 39. Ne4 Ra7 40.
g4 Rxa2 41. Bf7 Rf2+ 42. Nxf2 Rf6+ 43. Ke4 Rxf7 44. Nd3 Bf2 45. Rg5 Bg1 46.
Rh5+ Kg7 47. Nxc5 Re7+ 48. Kd5 Re3 49. b4 Rg3 50. Ne6+ Kg6 51. c5 Rb3 52. Kc4
Rg3 53. Nf4+ Kg7 54. Rg5+ Kh6 55. Ne2 Rg2 56. Nxg1 Rxg1 1-0

[Event "41 Abierto Ciudad de Sevilla 2016"]
[Site "Sevilla ESP"]
[Date "2016.01.15"]
[Round "8.4"]
[White "Kogan, Arthur"]
[Black "Espinoza Palomino, Willyam"]
[Result "1/2-1/2"]
[WhiteElo "2540"]
[BlackElo "2342"]
[PlyCount "51"]
[EventDate "2016.01.08"]
[EventType "swiss"]
[EventRounds "9"]
[EventCountry "ESP"]
[Source "lmi"]
[SourceDate "2016.01.08"]

1. d4 d5 2. c4 c6 3. e3 Nf6 4. Nc3 e6 5. Qc2 Nbd7 6. Nf3 Bd6 7. Be2 dxc4 8.
Bxc4 b5 9. Be2 Bb7 10. O-O O-O 11. Rd1 Qc7 12. Bd2 a6 13. b4 e5 14. Rac1 Rfe8
15. h3 h6 16. Qb3 e4 17. Nh4 Nb6 18. Nf5 Bh2+ 19. Kh1 Bc8 20. g4 Bxf5 21. gxf5
Bd6 22. f3 exf3 23. Bxf3 Nc4 24. Ne2 Ne4 25. Bxe4 Rxe4 26. Rxc4 1/2-1/2

[Event "41 Abierto Ciudad de Sevilla 2016"]
[Site "Sevilla ESP"]
[Date "2016.01.15"]
[Round "8.5"]
[White "Paunovic, Dragan"]
[Black "Lei, Tingjie"]
[Result "1/2-1/2"]
[WhiteElo "2432"]
[BlackElo "2474"]
[PlyCount "104"]
[EventDate "2016.01.08"]
[EventType "swiss"]
[EventRounds "9"]
[EventCountry "ESP"]
[Source "lmi"]
[SourceDate "2016.01.08"]

1. Nf3 Nf6 2. d4 g6 3. Bg5 Bg7 4. Nbd2 d5 5. c3 O-O 6. e3 Nbd7 7. b4 Re8 8. Be2
e5 9. O-O c6 10. c4 exd4 11. Nxd4 dxc4 12. Nxc4 Nb6 13. Qb3 Qd5 14. Bxf6 Bxf6
15. Nxb6 axb6 16. Qxd5 cxd5 17. Rfd1 Bd7 18. Bf3 Ra4 19. Bxd5 Rxb4 20. Bb3 Ba4
21. Rab1 Bxd4 22. Bxa4 Rxa4 23. Rxd4 Rxa2 24. h4 Rc8 25. Rxb6 Rc1+ 26. Kh2 Rxf2
27. Rxb7 Rcc2 28. Rg4 h5 29. Rg3 Rc4 30. Kg1 Rf5 31. Rh3 Rc1+ 32. Kh2 Re1 33.
Re7 Ref1 34. Re4 Kg7 35. Rg3 Kf6 36. Re8 R5f2 37. Re4 Rc2 38. Rg5 Kg7 39. Rg3
Rff2 40. Rg5 Rfe2 41. Rg3 Rc6 42. Rf3 f5 43. Rb4 Rc3 44. Rb7+ Kh6 45. Rb6 Rexe3
46. Rxe3 Rxe3 47. Rb7 Re4 48. g3 Re2+ 49. Kg1 Ra2 50. Rf7 Rb2 51. Kf1 Rc2 52.
Kg1 Rb2 1/2-1/2

[Event "41 Abierto Ciudad de Sevilla 2016"]
[Site "Sevilla ESP"]
[Date "2016.01.15"]
[Round "8.6"]
[White "Campora Sivori, Daniel"]
[Black "Granero Roca, Antonio"]
[Result "1/2-1/2"]
[WhiteElo "2466"]
[BlackElo "2410"]
[PlyCount "145"]
[EventDate "2016.01.08"]
[EventType "swiss"]
[EventRounds "9"]
[EventCountry "ESP"]
[Source "lmi"]
[SourceDate "2016.01.08"]

1. d4 Nf6 2. c4 g6 3. Nc3 Bg7 4. e4 O-O 5. Be2 d6 6. Bg5 Nbd7 7. Qd2 c5 8. Nf3
Qa5 9. Rd1 a6 10. O-O Re8 11. dxc5 Nxc5 12. Bxf6 exf6 13. Nd4 Bd7 14. Bf3 Rac8
15. Nc2 Qb6 16. Ne3 Bc6 17. Ned5 Qd8 18. Rfe1 Re5 19. Nb4 Qb6 20. Ncd5 Qd8 21.
b3 Qf8 22. Nc3 Rd8 23. Nxc6 bxc6 24. b4 Ne6 25. Bg4 Bh6 26. Qc2 Qe8 27. g3 Nc7
28. f4 Re7 29. Re2 Bg7 30. Kg2 h5 31. Bf3 Ne6 32. Red2 Red7 33. Rd3 c5 34. bxc5
dxc5 35. Rxd7 Rxd7 36. Qa4 Nd4 37. Qxa6 h4 38. Qa4 Qe6 39. Ne2 Bf8 40. Nxd4
cxd4 41. Rd3 Bc5 42. Qc2 h3+ 43. Kf1 Ra7 44. Rb3 Kg7 45. Rb5 Qd6 46. Be2 Ra3
47. Rb3 Qa6 48. Rxa3 Qxa3 49. Bd3 Bb4 50. Kf2 Ba5 51. Kf3 Qc5 52. Qe2 Bb4 53.
f5 Qc8 54. e5 gxf5 55. Kf2 Qe6 56. Qh5 Qxe5 57. Qe2 Qa5 58. g4 f4 59. Kf3 Qa8+
60. Qe4 Qxa2 61. Qh7+ Kf8 62. Qh8+ Ke7 63. Qxh3 Qa8+ 64. Kf2 Qh1 65. Qf1 Qxh2+
66. Qg2 Be1+ 67. Kf3 Qg3+ 68. Qxg3 fxg3 69. c5 Kd7 70. Be4 Bf2 71. c6+ Kc7 72.
Kg2 Kd6 73. Kf3 1/2-1/2

[Event "41 Abierto Ciudad de Sevilla 2016"]
[Site "Sevilla ESP"]
[Date "2016.01.15"]
[Round "8.7"]
[White "Ladron De Guevara Pinto, Paolo"]
[Black "Xu, Xiangyu"]
[Result "1/2-1/2"]
[WhiteElo "2348"]
[BlackElo "2466"]
[PlyCount "57"]
[EventDate "2016.01.08"]
[EventType "swiss"]
[EventRounds "9"]
[EventCountry "ESP"]
[Source "lmi"]
[SourceDate "2016.01.08"]

1. e4 c5 2. b3 Nc6 3. Bb2 e5 4. Bc4 Nf6 5. Nc3 g6 6. Nge2 Bg7 7. d3 d6 8. O-O
O-O 9. Qd2 Be6 10. Nd5 Bxd5 11. Bxd5 Nxd5 12. exd5 Ne7 13. c4 Nf5 14. Rae1 Re8
15. Ng3 Nd4 16. Bxd4 exd4 17. Rxe8+ Qxe8 18. Re1 Qd7 19. Qe2 Kf8 20. h3 f5 21.
Qe6 Qxe6 22. Rxe6 Be5 23. Ne2 Re8 24. Rxe8+ Kxe8 25. f4 Bf6 26. g4 Bh4 27. gxf5
gxf5 28. Kg2 Kf7 29. Kf3 1/2-1/2

[Event "41 Abierto Ciudad de Sevilla 2016"]
[Site "Sevilla ESP"]
[Date "2016.01.15"]
[Round "8.8"]
[White "Perez Mitjans, Orelvis"]
[Black "Barrenechea Bahamonde, Gustavo"]
[Result "1-0"]
[WhiteElo "2455"]
[BlackElo "2116"]
[PlyCount "61"]
[EventDate "2016.01.08"]
[EventType "swiss"]
[EventRounds "9"]
[EventCountry "ESP"]
[Source "lmi"]
[SourceDate "2016.01.08"]

1. e4 Nf6 2. e5 Nd5 3. d4 d6 4. c4 Nb6 5. exd6 cxd6 6. Nc3 g6 7. Nf3 Bg7 8. h3
O-O 9. Bg5 Nc6 10. Qd2 d5 11. c5 Nc4 12. Bxc4 dxc4 13. Rd1 Bf5 14. O-O Bd3 15.
Ne2 f6 16. Be3 e5 17. dxe5 fxe5 18. Ne1 e4 19. Qc1 Kh8 20. Nxd3 cxd3 21. Nc3
Nd4 22. Bh6 Rc8 23. Bxg7+ Kxg7 24. Qe3 Nf3+ 25. gxf3 exf3 26. Rxd3 Qc7 27. Rfd1
Rf7 28. Ne4 Re8 29. Qd4+ Kh6 30. Nd6 Rd7 31. Qh4+ 1-0

[Event "41 Abierto Ciudad de Sevilla 2016"]
[Site "Sevilla ESP"]
[Date "2016.01.15"]
[Round "8.9"]
[White "Palacios Perez*, Manuel"]
[Black "Rizouk, Aimen"]
[Result "1/2-1/2"]
[WhiteElo "2157"]
[BlackElo "2511"]
[PlyCount "105"]
[EventDate "2016.01.08"]
[EventType "swiss"]
[EventRounds "9"]
[EventCountry "ESP"]
[Source "lmi"]
[SourceDate "2016.01.08"]

1. d4 e6 2. e4 d5 3. Nd2 Nc6 4. Ngf3 Nf6 5. e5 Nd7 6. c3 b6 7. Bd3 a5 8. Qe2
Ndb8 9. a4 Ba6 10. Bb5 Qd7 11. O-O Bxb5 12. Qxb5 Na7 13. Qd3 c5 14. Ne1 Nac6
15. Nc2 Na6 16. dxc5 bxc5 17. Re1 c4 18. Qg3 Nc5 19. Re2 Ne7 20. Nd4 Nxa4 21.
b3 cxb3 22. N2xb3 Rc8 23. Bd2 Ng6 24. h4 Nc5 25. Nxc5 Rxc5 26. h5 Ne7 27. Nb3
Rc8 28. Rxa5 Nf5 29. Qd3 Be7 30. Nd4 Nxd4 31. cxd4 O-O 32. Qg3 Rfe8 33. Bh6 g6
34. Rea2 Qb7 35. Ra1 Qb2 36. Be3 Qe2 37. hxg6 hxg6 38. Ra7 Qh5 39. Qf3 Qxf3 40.
gxf3 Bd8 41. Rb7 Re7 42. Raa7 Rxb7 43. Rxb7 g5 44. f4 gxf4 45. Bxf4 Kg7 46. Kg2
Bc7 47. Be3 Ba5 48. Rb1 Rc2 49. Kf3 f6 50. Rg1+ Kf7 51. Ra1 Bc7 52. Rc1 Rxc1
53. Bxc1 1/2-1/2

[Event "41 Abierto Ciudad de Sevilla 2016"]
[Site "Sevilla ESP"]
[Date "2016.01.15"]
[Round "8.10"]
[White "Romero Romero, Sebastian"]
[Black "Sundararajan, Kidambi"]
[Result "1/2-1/2"]
[WhiteElo "2138"]
[BlackElo "2508"]
[PlyCount "81"]
[EventDate "2016.01.08"]
[EventType "swiss"]
[EventRounds "9"]
[EventCountry "ESP"]
[Source "lmi"]
[SourceDate "2016.01.08"]

1. e4 e6 2. d4 d5 3. Nd2 c5 4. Ngf3 Nc6 5. exd5 exd5 6. Bb5 Bd6 7. dxc5 Bxc5 8.
O-O Nge7 9. Nb3 Bd6 10. Re1 O-O 11. h3 Bf5 12. Bd3 Qd7 13. Nbd4 Bg6 14. c3 Rfe8
15. Bg5 Rac8 16. Bxg6 Nxg6 17. Qd3 h6 18. Qf5 Qxf5 19. Nxf5 Bf8 20. Be3 Red8
21. Rad1 Rd7 22. Re2 Rcd8 23. Red2 b5 24. N3d4 Nxd4 25. Nxd4 Ne5 26. b3 a6 27.
Ne2 b4 28. Bf4 Nc6 29. cxb4 Bxb4 30. Rc2 Ne7 31. Nd4 a5 32. Kf1 a4 33. bxa4 Ra8
34. Bd2 Bxd2 35. Rcxd2 Rxa4 36. Nb5 Ra5 37. Nc3 Ra3 38. Nxd5 Nxd5 39. Rxd5 Rxd5
40. Rxd5 Rxa2 41. g3 1/2-1/2

[Event "41 Abierto Ciudad de Sevilla 2016"]
[Site "Sevilla ESP"]
[Date "2016.01.15"]
[Round "8.11"]
[White "Sarkar, Justin"]
[Black "Aranaz Portugues, Jose Carlos"]
[Result "1-0"]
[WhiteElo "2407"]
[BlackElo "2162"]
[PlyCount "73"]
[EventDate "2016.01.08"]
[EventType "swiss"]
[EventRounds "9"]
[EventCountry "ESP"]
[Source "lmi"]
[SourceDate "2016.01.08"]

1. d4 e6 2. e4 d5 3. Nd2 Nf6 4. e5 Ng8 5. Bd3 c5 6. c3 Nc6 7. Ne2 cxd4 8. cxd4
Qb6 9. O-O Bd7 10. Nf3 f6 11. exf6 Nxf6 12. b3 Bd6 13. Bf4 Bxf4 14. Nxf4 O-O
15. Re1 Ne4 16. g3 Nb4 17. Bxe4 dxe4 18. Rxe4 Nd5 19. Qd2 Nxf4 20. Rxf4 Rxf4
21. Qxf4 Bc6 22. Ne5 Bd5 23. Rc1 Qb4 24. Qf7+ Kh8 25. Qc7 Qf8 26. h4 g6 27.
Nf7+ Kg8 28. Ng5 Qg7 29. Qxg7+ Kxg7 30. Rc7+ Kg8 31. Nxh7 Bc6 32. Nf6+ Kf8 33.
Rh7 b6 34. g4 a5 35. h5 gxh5 36. g5 Be8 37. Nxe8 1-0

[Event "41 Abierto Ciudad de Sevilla 2016"]
[Site "Sevilla ESP"]
[Date "2016.01.15"]
[Round "8.12"]
[White "Degro, Heiko"]
[Black "Komljenovic, Davor"]
[Result "1/2-1/2"]
[WhiteElo "2089"]
[BlackElo "2394"]
[PlyCount "100"]
[EventDate "2016.01.08"]
[EventType "swiss"]
[EventRounds "9"]
[EventCountry "ESP"]
[Source "lmi"]
[SourceDate "2016.01.08"]

1. e4 g6 2. d4 Bg7 3. Nc3 d6 4. Be3 c6 5. Qd2 b5 6. Bd3 Nd7 7. a4 b4 8. Nd1 e5
9. dxe5 Nxe5 10. Qxb4 Nf6 11. Qd2 O-O 12. Ne2 d5 13. exd5 Nxd5 14. O-O Nxe3 15.
Nxe3 Rb8 16. Rab1 c5 17. Rfd1 Qh4 18. f4 Nc6 19. g3 Qd8 20. Bb5 Qxd2 21. Rxd2
Nd4 22. Nxd4 Bxd4 23. Kf2 Bxb2 24. Rxb2 a6 25. c4 axb5 26. axb5 Be6 27. Nd5 Kg7
28. Ra2 Rfd8 29. Ne3 Rd4 30. Rac2 Rbd8 31. Ke2 Kf8 32. Nd5 Re8 33. Kf2 Bxd5 34.
Rxd4 cxd4 35. cxd5 Rb8 36. d6 Ke8 37. Rc5 Kd7 38. Rd5 Ra8 39. Rxd4 Ra2+ 40. Kg1
Rb2 41. Rd5 f5 42. h3 h5 43. g4 hxg4 44. hxg4 fxg4 45. Rg5 Kxd6 46. Rxg6+ Kd5
47. Rxg4 Ke4 48. Rg5 Kxf4 49. Rc5 Kg3 50. Rc3+ Kf4 1/2-1/2

[Event "41 Abierto Ciudad de Sevilla 2016"]
[Site "Sevilla ESP"]
[Date "2016.01.15"]
[Round "8.13"]
[White "Ortega Valle, Jose Ramon"]
[Black "Pogorelov, Ruslan"]
[Result "0-1"]
[WhiteElo "2078"]
[BlackElo "2336"]
[PlyCount "102"]
[EventDate "2016.01.08"]
[EventType "swiss"]
[EventRounds "9"]
[EventCountry "ESP"]
[Source "lmi"]
[SourceDate "2016.01.08"]

1. Nf3 c5 2. g3 Nc6 3. Bg2 e5 4. d3 d5 5. O-O Be7 6. Nbd2 Bg4 7. c4 d4 8. b4
cxb4 9. a3 bxa3 10. Qa4 Bd7 11. Bxa3 Bxa3 12. Qxa3 Nge7 13. Rfb1 Rb8 14. Rb5
Qc8 15. Rab1 b6 16. c5 O-O 17. cxb6 Rxb6 18. Rxb6 axb6 19. Rc1 Qb8 20. Nc4 Nc8
21. Ng5 h6 22. Ne4 b5 23. Ncd2 b4 24. Qa6 N8e7 25. Nc5 Bc8 26. Qa4 Qb6 27. Qc2
Na5 28. Rb1 Bf5 29. Na4 Qb5 30. Qc5 Qxc5 31. Nxc5 Rc8 32. Nce4 Rb8 33. Nc4 Bxe4
34. Bxe4 Nac6 35. f4 exf4 36. gxf4 f5 37. Bf3 Kf7 38. Kf2 g6 39. e4 dxe3+ 40.
Kxe3 Ke6 41. Re1 Kf7 42. d4 b3 43. d5 Nb4 44. Kd4 Nc2+ 45. Kc3 Rc8 46. Kxb3
Nd4+ 47. Kb4 Nxf3 48. Nd6+ Kf6 49. Nxc8 Nxd5+ 50. Kc5 Nxe1 51. Kxd5 Nd3 0-1

[Event "41 Abierto Ciudad de Sevilla 2016"]
[Site "Sevilla ESP"]
[Date "2016.01.15"]
[Round "8.14"]
[White "Corbalan Gomez, Juan Jose"]
[Black "Morales Araujo, Francisco Javi"]
[Result "1-0"]
[WhiteElo "2274"]
[BlackElo "2070"]
[PlyCount "85"]
[EventDate "2016.01.08"]
[EventType "swiss"]
[EventRounds "9"]
[EventCountry "ESP"]
[Source "lmi"]
[SourceDate "2016.01.08"]

1. d4 f5 2. e4 fxe4 3. Nc3 Nf6 4. Bg5 g6 5. f3 e3 6. Bxe3 Bg7 7. Qd2 e6 8. Bd3
Nc6 9. Nge2 Nb4 10. Bc4 d5 11. Bb5+ Bd7 12. a3 Nc6 13. Nf4 Qe7 14. Bxc6 Bxc6
15. Nd3 Nd7 16. Nb4 Qh4+ 17. Bf2 Qf6 18. O-O-O a5 19. Nxc6 bxc6 20. Na4 O-O 21.
Rhe1 Rab8 22. Bg3 c5 23. Qe3 Rfe8 24. dxc5 d4 25. Qd2 e5 26. Qd3 Qc6 27. Qc4+
Kh8 28. Kb1 Nb6 29. Nxb6 cxb6 30. Re2 b5 31. Qb3 Qxc5 32. Rde1 Re7 33. f4 b4
34. a4 Rd8 35. Bh4 Red7 36. Bxd8 Rxd8 37. fxe5 Bh6 38. Qd3 Re8 39. Re4 Be3 40.
e6 Qc6 41. e7 Qxa4 42. R1xe3 dxe3 43. Qd8 1-0

[Event "41 Abierto Ciudad de Sevilla 2016"]
[Site "Sevilla ESP"]
[Date "2016.01.15"]
[Round "8.15"]
[White "Diaz Castro, Ismael"]
[Black "Lopez Gonzalez, Daniel"]
[Result "0-1"]
[WhiteElo "2071"]
[BlackElo "2271"]
[PlyCount "122"]
[EventDate "2016.01.08"]
[EventType "swiss"]
[EventRounds "9"]
[EventCountry "ESP"]
[Source "lmi"]
[SourceDate "2016.01.08"]

1. e4 c5 2. Nf3 Nc6 3. d4 cxd4 4. c3 Nf6 5. e5 Nd5 6. Bc4 Nb6 7. Bb3 d5 8. exd6
Qxd6 9. O-O Be6 10. Bxe6 Qxe6 11. Nxd4 Nxd4 12. Qxd4 Rd8 13. Qe3 Qc6 14. Nd2 e6
15. Qg3 Qd6 16. Ne4 Qxg3 17. hxg3 a6 18. Be3 Nc4 19. Bd4 e5 20. Rfe1 Be7 21.
Bc5 b6 22. Bxe7 Kxe7 23. b3 Nd6 24. Nd2 Kf6 25. Re2 Rhe8 26. Rae1 Nb5 27. Ne4+
Kg6 28. a4 Nc7 29. Nd2 f6 30. f4 Nd5 31. Nb1 Kf5 32. Re4 Nc7 33. g4+ Kxg4 34.
fxe5+ Kf5 35. g4+ Kg6 36. exf6 Kxf6 37. Rxe8 Rxe8 38. Rxe8 Nxe8 39. Kf2 Kg5 40.
Nd2 Kxg4 41. Nc4 b5 42. Ne5+ Kf5 43. Nc6 bxa4 44. bxa4 Nd6 45. Ke3 h5 46. Nb4
a5 47. Nc6 Nc4+ 48. Kd4 Nb6 49. Nxa5 Nxa4 50. c4 Kf4 51. Kd3 Kf3 52. Nc6 h4 53.
Nd4+ Kg2 54. Ke3 g5 55. Nf3 h3 56. Ne1+ Kg3 57. Nd3 h2 58. Nf2 Nc5 59. Ke2 Kg2
60. Ke3 g4 61. Ke2 g3 0-1

[Event "41 Abierto Ciudad de Sevilla 2016"]
[Site "Sevilla ESP"]
[Date "2016.01.15"]
[Round "8.16"]
[White "Medina Carrasco, Santiago"]
[Black "Del Campo Gomez, Jose Luis"]
[Result "1/2-1/2"]
[WhiteElo "2165"]
[BlackElo "2065"]
[PlyCount "34"]
[EventDate "2016.01.08"]
[EventType "swiss"]
[EventRounds "9"]
[EventCountry "ESP"]
[Source "lmi"]
[SourceDate "2016.01.08"]

1. Nf3 f5 2. d4 Nf6 3. g3 g6 4. Bg2 Bg7 5. O-O O-O 6. c3 e6 7. Nbd2 Nc6 8. Qc2
d5 9. Nb3 Ne4 10. Nfd2 Nxd2 11. Bxd2 e5 12. dxe5 Nxe5 13. Rad1 Re8 14. Rfe1 b6
15. Bg5 Qd7 16. Nd4 Bb7 17. Nf3 Qf7 1/2-1/2

[Event "41 Abierto Ciudad de Sevilla 2016"]
[Site "Sevilla ESP"]
[Date "2016.01.15"]
[Round "8.17"]
[White "Montero Melendez, Rafael"]
[Black "Coimbra, Margarida"]
[Result "1/2-1/2"]
[WhiteElo "2373"]
[BlackElo "2056"]
[PlyCount "54"]
[EventDate "2016.01.08"]
[EventType "swiss"]
[EventRounds "9"]
[EventCountry "ESP"]
[Source "lmi"]
[SourceDate "2016.01.08"]

1. c4 c6 2. Nf3 d5 3. g3 Bg4 4. Bg2 e6 5. Qb3 Qb6 6. Nc3 Nd7 7. Qxb6 axb6 8.
cxd5 exd5 9. h3 Bxf3 10. Bxf3 b5 11. O-O b4 12. Nd1 Nc5 13. Rb1 Rxa2 14. b3 Nf6
15. d3 Be7 16. Bb2 O-O 17. Ne3 Nfd7 18. Nf5 Bf6 19. Bxf6 Nxf6 20. Rfc1 Nfd7 21.
Nd6 Ra3 22. Bg4 Rxb3 23. Nxb7 Rxb1 24. Rxb1 Rb8 25. Na5 Rb6 26. d4 Ne6 27. Nb3
g6 1/2-1/2

[Event "41 Abierto Ciudad de Sevilla 2016"]
[Site "Sevilla ESP"]
[Date "2016.01.15"]
[Round "8.18"]
[White "Saez Gabikagogeaskoa*, Oscar"]
[Black "Gutierrez Jimenez, Juan Manuel"]
[Result "0-1"]
[WhiteElo "2036"]
[BlackElo "2288"]
[PlyCount "58"]
[EventDate "2016.01.08"]
[EventType "swiss"]
[EventRounds "9"]
[EventCountry "ESP"]
[Source "lmi"]
[SourceDate "2016.01.08"]

1. e4 d6 2. d4 Nf6 3. Nc3 g6 4. f4 Bg7 5. Nf3 O-O 6. Be3 b6 7. e5 Ng4 8. Bg1
Bb7 9. Bd3 c5 10. dxc5 dxe5 11. f5 bxc5 12. Qe2 Nc6 13. Bxc5 Qa5 14. Nd2 Qxc5
15. Qxg4 Qe3+ 16. Qe2 Qxe2+ 17. Nxe2 Nb4 18. O-O Rad8 19. fxg6 hxg6 20. Ne4
Nxd3 21. cxd3 Rxd3 22. N2c3 Rc8 23. Rae1 f5 24. Ng5 e4 25. Ne6 Bxc3 26. bxc3
Rdxc3 27. Rb1 Bc6 28. Nf4 Kf7 29. g4 e5 0-1

[Event "41 Abierto Ciudad de Sevilla 2016"]
[Site "Sevilla ESP"]
[Date "2016.01.15"]
[Round "8.20"]
[White "Silva Lucena, Cristian"]
[Black "Chacon Perez, Juan"]
[Result "1-0"]
[WhiteElo "2220"]
[BlackElo "1988"]
[PlyCount "77"]
[EventDate "2016.01.08"]
[EventType "swiss"]
[EventRounds "9"]
[EventCountry "ESP"]
[Source "lmi"]
[SourceDate "2016.01.08"]

1. Nc3 c5 2. Nf3 e6 3. d4 cxd4 4. Nxd4 Nc6 5. Ndb5 a6 6. Nd6+ Bxd6 7. Qxd6 Nge7
8. e4 O-O 9. Be3 f5 10. f3 fxe4 11. fxe4 Qa5 12. Bc4 Qe5 13. O-O-O Qxd6 14.
Rxd6 Ne5 15. Bb3 N7c6 16. Bb6 Nf7 17. Rd2 d6 18. Bc7 Re8 19. Bxd6 Nxd6 20. Rxd6
Na5 21. Na4 Nxb3+ 22. axb3 e5 23. Nb6 Rb8 24. Nxc8 Rbxc8 25. Rf1 Rc7 26. Kd2
Rf8 27. Rxf8+ Kxf8 28. Re6 Rf7 29. Ke2 Rc7 30. c3 Rc5 31. b4 Rb5 32. Kd3 Kf7
33. Rd6 Ke7 34. Rd5 Rb6 35. Rxe5+ Kd7 36. Rg5 g6 37. Rd5+ Ke7 38. e5 Rc6 39.
Rc5 1-0

[Event "41 Abierto Ciudad de Sevilla 2016"]
[Site "Sevilla ESP"]
[Date "2016.01.16"]
[Round "9.1"]
[White "Burmakin, Vladimir"]
[Black "Teran Alvarez, Ismael"]
[Result "1/2-1/2"]
[WhiteElo "2539"]
[BlackElo "2416"]
[PlyCount "22"]
[EventDate "2016.01.08"]
[EventType "swiss"]
[EventRounds "9"]
[EventCountry "ESP"]
[Source "lmi"]
[SourceDate "2016.01.08"]

1. d4 Nf6 2. Nf3 d5 3. c4 c6 4. cxd5 cxd5 5. Nc3 Nc6 6. Bf4 Bf5 7. e3 e6 8. Bd3
Bxd3 9. Qxd3 Bd6 10. Bxd6 Qxd6 11. O-O O-O 1/2-1/2

[Event "41 Abierto Ciudad de Sevilla 2016"]
[Site "Sevilla ESP"]
[Date "2016.01.16"]
[Round "9.2"]
[White "Vorobiov, Evgeny E"]
[Black "Fernandez Romero, Ernesto"]
[Result "1-0"]
[WhiteElo "2572"]
[BlackElo "2475"]
[PlyCount "87"]
[EventDate "2016.01.08"]
[EventType "swiss"]
[EventRounds "9"]
[EventCountry "ESP"]
[Source "lmi"]
[SourceDate "2016.01.08"]

1. d4 Nf6 2. c4 e6 3. Nf3 b6 4. a3 Bb7 5. Nc3 g6 6. Qc2 d5 7. cxd5 exd5 8. Bf4
c6 9. e4 dxe4 10. Nxe4 Nxe4 11. Qxe4+ Qe7 12. Bd3 Nd7 13. O-O Nf6 14. Qe1 Nd5
15. Qd2 Qd8 16. Rfe1+ Be7 17. Bc4 O-O 18. Bxd5 cxd5 19. Rac1 Rc8 20. Rxc8 Bxc8
21. Qe3 Bf6 22. Be5 Bf5 23. Qh6 Bxe5 24. Ng5 Qxg5 25. Qxg5 Bxd4 26. Qd2 Bf6 27.
Qxd5 Bxb2 28. a4 Rc8 29. h4 Bf6 30. g3 Kg7 31. Rd1 Rc5 32. Qd6 Rc4 33. a5 bxa5
34. Qa6 Ra4 35. Qxa7 Ra2 36. Re1 a4 37. Re8 h5 38. Qc5 Kh7 39. Qf8 Be6 40. Rxe6
fxe6 41. Qxf6 a3 42. Qxe6 Ra1+ 43. Kg2 Kh6 44. Qg8 1-0

[Event "41 Abierto Ciudad de Sevilla 2016"]
[Site "Sevilla ESP"]
[Date "2016.01.16"]
[Round "9.3"]
[White "Hoffman, Alejandro"]
[Black "Perez Mitjans, Orelvis"]
[Result "1-0"]
[WhiteElo "2476"]
[BlackElo "2455"]
[PlyCount "81"]
[EventDate "2016.01.08"]
[EventType "swiss"]
[EventRounds "9"]
[EventCountry "ESP"]
[Source "lmi"]
[SourceDate "2016.01.08"]

1. d4 Nf6 2. Nf3 g6 3. c4 c5 4. Nc3 cxd4 5. Nxd4 Bg7 6. e4 d6 7. Be2 O-O 8. O-O
Nc6 9. Be3 Bd7 10. Qd2 a5 11. f3 Nxd4 12. Bxd4 Bc6 13. b3 Nd7 14. Be3 Nc5 15.
Rab1 Qb6 16. Rfc1 Qb4 17. Rc2 f5 18. exf5 Rxf5 19. Qc1 Qb6 20. a3 Qd8 21. b4
axb4 22. axb4 Ne6 23. Bd3 Rf8 24. b5 Bd7 25. Be4 Nd4 26. Rd2 Nf5 27. Bf2 Qa5
28. Ne2 Bc8 29. g4 Nh6 30. Rc2 Nf7 31. Kg2 Ne5 32. c5 Kh8 33. cxd6 exd6 34. Nc3
Be6 35. Bxb7 Rab8 36. Be4 d5 37. Nxd5 Bxd5 38. Bxd5 Nd3 39. Qd2 Nf4+ 40. Kf1
Qa3 41. Bc5 1-0

[Event "41 Abierto Ciudad de Sevilla 2016"]
[Site "Sevilla ESP"]
[Date "2016.01.16"]
[Round "9.4"]
[White "Pogorelov, Ruslan"]
[Black "Kogan, Arthur"]
[Result "0-1"]
[WhiteElo "2336"]
[BlackElo "2540"]
[PlyCount "30"]
[EventDate "2016.01.08"]
[EventType "swiss"]
[EventRounds "9"]
[EventCountry "ESP"]
[Source "lmi"]
[SourceDate "2016.01.08"]

1. Nf3 c5 2. c4 Nf6 3. Nc3 Nc6 4. d4 cxd4 5. Nxd4 e6 6. Bg5 Qb6 7. Ndb5 Bc5 8.
e3 a6 9. Bxf6 axb5 10. Bxg7 Rg8 11. Bf6 bxc4 12. Bxc4 Rg6 13. Qf3 Ne7 14. Bxe7
Qxb2 15. O-O Kxe7 0-1

[Event "41 Abierto Ciudad de Sevilla 2016"]
[Site "Sevilla ESP"]
[Date "2016.01.16"]
[Round "9.5"]
[White "Lei, Tingjie"]
[Black "Sarkar, Justin"]
[Result "0-1"]
[WhiteElo "2474"]
[BlackElo "2407"]
[PlyCount "66"]
[EventDate "2016.01.08"]
[EventType "swiss"]
[EventRounds "9"]
[EventCountry "ESP"]
[Source "lmi"]
[SourceDate "2016.01.08"]

1. c4 e5 2. g3 c6 3. d4 e4 4. Bg2 d5 5. Nc3 Nf6 6. cxd5 cxd5 7. Bg5 Bb4 8. Rc1
Nbd7 9. Nh3 h6 10. Bd2 Bxc3 11. Rxc3 O-O 12. Bf4 Nb8 13. Bxb8 Rxb8 14. O-O Bf5
15. e3 Bg4 16. Qa4 g5 17. Rfc1 Qb6 18. Kh1 Qxb2 19. R3c2 Qb6 20. Ng1 Rbc8 21.
Qa3 Rxc2 22. Rxc2 Rc8 23. Rb2 Qa6 24. Qe7 Bd7 25. h3 Kg7 26. Kh2 b6 27. f3 exf3
28. Nxf3 Re8 29. Qd6 Rxe3 30. Ne5 Be6 31. Rf2 Re2 32. Rxe2 Qxe2 33. Nc6 Bxh3
0-1